Návrh odporúčaní pre využívanie koncepcie Digitálny podnik v priemyselných spoločnostiach na Slovensku

Salvato in:
Dettagli Bibliografici
Autore principale: Šuranová, Jana, 1992- (Autore)
Altri autori: Jakábová, Martina, 1980- (Relatore della tesi)
Natura: Manoscritto Libro
Lingua:slovacco
Pubblicazione: Trnava : STU v Bratislave MTF UPMK, 2014
Soggetti:
Accesso online:VAIS
Tags: Aggiungi Tag
Nessun Tag, puoi essere il primo ad aggiungerne!!

MARC

LEADER 00000ntm a22000003a 4500
001 stu293227
005 20150617230318.2
008 140708s2014----xo------------------slo-d
040 |a STU  |b slo 
041 0 |a slo 
044 |a xo 
100 1 |a Šuranová, Jana,  |d 1992-  |4 aut  |u M  |T MTF Materiálovotechnologická fakulta  |X 45686  |U M  |Y 60  |7 A000045686 
242 0 0 |a The Proposal of the Recommendations for the Using of the „Digital Factory” Concept in the Industrial Companies in Slovakia  |y eng 
245 1 |a Návrh odporúčaní pre využívanie koncepcie Digitálny podnik v priemyselných spoločnostiach na Slovensku 
260 |a Trnava :  |b STU v Bratislave MTF UPMK,  |c 2014 
300 |a 61s  |c CD 
650 7 |a priemyselné manažérstvo  |2 stusub 
650 7 |a Industrial Management  |2 estusub 
650 7 |a industrial enterprises  |2 estusub 
700 1 |a Jakábová, Martina,  |d 1980-  |4 ths  |u M4000  |U MTF Materiálovotechnologická fakulta  |T MTF Ústav priemyselného inžinierstva a manažmentu  |X 3645  |U M4000  |Y 84  |7 A000003645 
856 4 |a info a plný text  |u http://is.stuba.sk/zp/portal_zp.pl?podrobnosti=87406  |3 VAIS 
996 |c M*BP-7030  |l MMSKP  |s P  |a 0  |w stu293227_0001